Normal view MARC view

Entry Personal Name

Number of records used in: 1

001 - CONTROL NUMBER

  • control field: 28765

003 - CONTROL NUMBER IDENTIFIER

  • control field: OSt

005 - DATE AND TIME OF LATEST TRANSACTION

  • control field: 20260612111115.0

008 - FIXED-LENGTH DATA ELEMENTS

  • fixed length control field: 260612|| aca||aabn | a|a d

040 ## - CATALOGING SOURCE

  • Original cataloging agency: OSt
  • Transcribing agency: OSt

100 ## - HEADING--PERSONAL NAME

  • Personal name: Hall Pete

670 ## - SOURCE DATA FOUND

  • Source citation: Work cat.: (OSt)24080: Hall Pete, Building Teachers' Capacity for Success: A Collaborative Approach for Coaches an School Leaders, 2008

Powered by Koha